Housing (Record no. 45719)

MARC details
000 -LEADER
fixed length control field 00519nam a2200157 a 4500
008 - FIXED-LENGTH DATA ELEMENTS--GENERAL INFORMATION
fixed length control field 120416s1979 ||||||||||||||||| || u
020 ## - INTERNATIONAL STANDARD BOOK NUMBER
International Standard Book Number 0421238100
050 ## - LIBRARY OF CONGRESS CALL NUMBER
Classification number TH 4817 Had
100 ## - MAIN ENTRY--PERSONAL NAME
Personal name Hadden, Tom
245 10 - TITLE STATEMENT
Title Housing
246 ## - VARYING FORM OF TITLE
Title proper/short title repairs and improvements
260 ## - PUBLICATION, DISTRIBUTION, ETC.
Place of publication, distribution, etc. London
Name of publisher, distributor, etc. Sweet & Maxwell
Date of publication, distribution, etc. 1979
300 ## - PHYSICAL DESCRIPTION
Extent xviii, 219p. : ill.
350 ## - PRICE (NR) (BK AM CF MU VM SE) [OBSOLETE]
Price 0.00
995 ## - RECOMMENDATION 995 [LOCAL, UNIMARC FRANCE]
-- 0.00
-- CBU-MAIN LIBRARY (Kitwe)
-- 1
-- 11.00
-- AVAILABLE
-- Main Library Open Access Collection
Holdings
Withdrawn status Lost status Source of classification or shelving scheme Damaged status Not for loan Home library Current library Shelving location Date acquired Total Checkouts Full call number Barcode Date last seen Price effective from Koha item type
          CBU-MAIN LIBRARY, KITWE. CBU-MAIN LIBRARY, KITWE.   11/30/2022   TH 4817 Had 016273 11/30/2022 11/30/2022 MONOGRAPH